000
00244nam a2200097Ia 4500
001
692975
005
20250826161905.0
008
250824s9999 xx 000 0 und d
245
0
_a
YANGIN YILLARI/A.TELLİ/EVEREST
_c
AHMET TELLİ
260
_b
EVEREST
999
_c
692975
_d
692975